000 00863cab a2200265 4500
001 ABS59964
008 090401t1999 xxu||||| |||| 00| 0 eng d
035 _a(Sirsi) u91070
041 _aeng
100 _aShah, C.
245 _aHousing developments
260 _c1999
350 _a0
490 _aPrivate Finance Initiative Journal
_v3(6) January/February 1999, 18-19(2)
520 _aDiscusses the problems which housing associations are facing in building new homes at acceptable rent levels, and asks whether associations could look to a partnership with private funding to fill the funding gap.
650 _aFUNDING
650 _aHOUSING ASSOCIATIONS
650 _aHOUSING PROVISION
650 _aPFI
650 _aPRIVATE FUNDING
650 _aSOCIAL HOUSING
690 _aHOUSING-HOUSING FINANCE
942 _n0
948 _c03/02/1999
999 _c57781
_d57781